00912nam a2200205 a 450000100100000000500170001000800410002702000180006804000250008608200150011110000360012624500960016226000370025830000270029559000280032295201130035095201130046395201130057699900170068900004711420201002053352.0180417s2015 dr a 000 spa d a9789945123517 aDO-SdBNPbspacBNPHU axxxbS939f1 aSuárez, Manuel Ángel974910 0aFormación integral, humana y religiosa 1 :. :bnivel primario /cManuel Ángel Suárez. aSanto Domingo :bSusaeta,c2015. a104 p. :bil ;c28 cm. aInventariado, 2018 / DG 0010718PDaGRbGRcHDd2018-04-17iLF1l0oxxx S939fp47114-30r2020-06-25w2020-06-25yLFPDZNo se presta 0010718PDaPDbPDcHDd2018-04-17iLF1l0oxxx S939fp47114-10r2020-06-25w2020-06-25yLFPDZNo se presta 0010718PDaPDbPDcHDd2018-04-17iLF1l0oxxx S939fp47114-20r2020-06-25w2020-06-25yLFPDZNo se presta c46602d46602